000 02219nam a2200421 a 4500
999 _c185420
_d185420
003 BLK
005 20231102163254.0
008 180411b bul|||||r ||||||| ||bul||
010 _aKNG00194413000
040 _aBLK
041 _aBUL
_cBUL
080 _aМолекулярни основи на живота. Молекулярна биология. Генно инженерство (теория, методи) вж и 573.6
_b577.2
_x(02.062)
_z577.2(02.062)
080 _aНаследственост. Онаследяване - Ядрена наследственост - ген, генетическа(хромозомна)карта, цитоплазматическа(извънядрена)наследственост, генетически основи на онтогенеза, генетика на популациите,
_b575.1
_x(02.062)
_z575.1(02.062)
100 1 _aУотсън, Джеймс Д.
_eпърви автор
_9277808
139 _aУотсън, Джеймс Д.
_bУ 70
245 1 0 _aДвойната спирала
_bРазказ за откриването структурата на ДНК
_cДжеймс Д. Уотсън; прев. от англ. Борис Стефанов Дамянов.
257 _aUSA
260 _bЗемиздат
_c1975
_fХасково : Ат. Стратиев
_aСофия
300 _a147 с.
_bс ил.
_c20 см
380 _a5
500 _aОриг. загл. The Double Helix / James D. Watson. - 20 100 тир.
650 4 _aНаследственост
_9163545
650 4 _aМолекулярна биология
_9261142
650 4 _aБиохимия
_9148751
653 _aДНК
653 _aнаследственост
653 _aмолекулярна биология
653 _aбиохимия
700 _aДамянов, Борис Стефанов
_9315591
852 _aЦб 75464
_bЦб
856 4 _qpdf
856 4 _qpdf
942 _cKNG
_n0
_01
_s1
944 _aCR
_c25.10.2016
_lГеновева Генчева
_k30560
944 _aED
_c23.11.2016
_lф /
_kЛюдмила_Стоянова
944 _aED
_c2022-09-26
_l2022-09-26
_kМикаела Микова-Илиева
999 _d185420